000 00304nam a22001097a 4500
008 160519b xxu||||| |||| 00| 0 eng d
020 _a0801658853
041 _aeng
080 _a618.2
245 _aPrinciples and practice of psychiatric nursing:
_cGail Wiscarz Stuart; Sandra J. Sundeen;
942 _2udc
_cBK
999 _c2271
_d2271